000
00256nam a2200097Ia 4500
001
782062
005
20250826170156.0
008
250824s9999 xx 000 0 und d
245
0
_a
SU ALTINA YOLCULUK
_c
HEKİMOĞLU İSMAİL
260
_b
TİMAŞ ÇOCUK YAYINLARI
999
_c
782062
_d
782062